| 000 | 01121pam a2200301 a 4500 | ||
|---|---|---|---|
| 001 | 1389178 | ||
| 003 | ARRUPE | ||
| 005 | 20170207160200.0 | ||
| 008 | 821029s1982 nyua b 000 0 eng | ||
| 010 | _a 82020774 | ||
| 020 |
_a0943428041 (pbk.) : _c$2.50 |
||
| 040 |
_aDLC _cDLC _dDLC |
||
| 043 |
_af-sx--- _af-sa--- _an-us--- |
||
| 050 | 0 | 0 |
_aHG5858.A3 _bH68 1982 |
| 082 | 0 | 0 |
_a332.6/737/0688 _219 |
| 100 | 1 |
_aHovey, Gail, _d1940- _928583 |
|
| 245 | 1 | 0 |
_aNamibia's stolen wealth : _bNorth American investment and South African occupation / _cby Gail Hovey ; foreword by Sean MacBride. |
| 260 |
_aNew York, N.Y. : _bAfrica Fund, _cc1982. |
||
| 300 |
_aiv, 52 p. : _bill. ; _c22 cm. |
||
| 504 | _aBibliography: p. 52. | ||
| 650 | 0 |
_aInvestments, American _zNamibia. _928584 |
|
| 651 | 0 |
_aNamibia _xForeign relations _zSouth Africa. _928585 |
|
| 651 | 0 |
_aSouth Africa _xForeign relations _zNamibia. _928586 |
|
| 651 | 0 |
_aUnited States _xForeign relations _zNamibia. _928587 |
|
| 651 | 0 |
_aNamibia _xForeign relations _zUnited States. _928588 |
|
| 906 |
_a7 _bcbc _corignew _d1 _eocip _f19 _gy-gencatlg |
||
| 942 |
_2lcc _cMONOGRAPH |
||
| 999 |
_c126044 _d126044 |
||